Monografía de coigüe: Nothofagus dombeyi
সংরক্ষণ করুন:
| সংস্থা লেখক: | , |
|---|---|
| বিন্যাস: | গ্রন্থ |
| ভাষা: | স্প্যানিশ |
| প্রকাশিত: |
Santiago
Infor-Conaf
1998
|
| মালা: | Potencialidad de Especies y Sitios para una Diversificación Silvícola Nacional
|
| বিষয়গুলি: | |
| ট্যাগগুলো: |
ট্যাগ যুক্ত করুন
কোনো ট্যাগ নেই, প্রথমজন হিসাবে ট্যাগ করুন!
|
MARC
| LEADER | 00000nam a2200000 a 4500 | ||
|---|---|---|---|
| 001 | UCH9684 | ||
| 003 | CL-VaPUC | ||
| 008 | 100121e19980000CL |||||||||||||||||spa|d | ||
| 082 | 0 | 4 | |a 634.972 |b INF |2 21 |
| 110 | 2 | |a INFOR |e author |9 546926 | |
| 710 | 2 | |a CONAF |e author |9 546927 | |
| 245 | 1 | 0 | |a Monografía de coigüe: Nothofagus dombeyi |
| 300 | |a 113 p | ||
| 942 | |c BK | ||
| 945 | |d 20100121 00:00:00 |a rbrito | ||
| 260 | |a Santiago |b Infor-Conaf |c 1998 | ||
| 650 | 7 | |a COIGUE |2 CL-VaPUC |9 438335 | |
| 650 | 0 | |a Cultivo |9 264268 | |
| 650 | 7 | |a SILVICULTURA |2 CL-VaPUC |9 264178 | |
| 650 | 7 | |a SUELO |2 CL-VaPUC |9 348469 | |
| 650 | 0 | |a Clima |9 265281 | |
| 650 | 7 | |a EXPORTACIONES |2 CL-VaPUC |9 255382 | |
| 583 | |a last modification |c 20100121 00:00:00 |k Rodrigo Vera | ||
| 490 | 0 | |a Potencialidad de Especies y Sitios para una Diversificación Silvícola Nacional | |
| 999 | |c 339600 |d 339598 | ||
| 952 | |0 0 |1 0 |4 0 |6 634_972000000000000_INF_1998 |7 0 |8 A |9 433324 |a BIBAGR |b BIBAGR |d 2019-11-22 |i 463621K |o 634.972 INF 1998 |p 463621K |r 2025-01-20 |w 2019-11-22 |y BK |k AGR | ||